000 00323nam a22001457a 4500
008 210309b ||||| |||| 00| 0 eng d
020 _a0136662722
041 _aeng
080 _2second edition
_a575
082 _2575
100 _a5
101 _aBIO
245 _aPhysical Biochemistry
_cVan Holde
942 _2udc
_cBK
999 _c56027
_d56027